000 01137nam a2200265 a 4500
999 _c20690
_d20690
005 20200103123848.0
008 140531s2007 ck a gr 000 0dspa d
020 _a9789584417121
040 _aCO-BoBLA
_cCO-BoBLA
041 _aspa
043 _as-ck---
044 _ack
082 0 4 _a333.72
_bA14s
245 0 0 _aSoporte conceptual del sistema de información ambiental territorial del pacífico colombiano :
_buna herramienta pertinente para la gestión de la información ambiental en la eco-región
_ccompilación Helcías José Ayala Mosquera.
260 _aQuibdo,
_bInstituto de Investigaciones Ambientales del Pacífico,
_c2007.
300 _a46 páginas :
_bilustraciones ;
_c26.8 x 21.2 cm.
500 _aGlosario : p. 43.
504 _aIncluye referencias bibliográficas (p. 45-46)
650 0 _aSistemas de información ambiental
_zPacífico (Región, Colombia)
_9102247
650 0 _aMedio ambiente
_zRegión pacífica (Colombia)
_9102248
651 0 _aPacífica (Región, Colombia)
_978274
700 1 _aAyala Mosquera, Helcias José,
_ecompilador.
_9102249
942 _2ddc
_cLIBRO
949 _an
_bn